000 00564nam a22001337a 4500
020 _a9789872252267
080 _a343.5 M 479
245 _aEl Monitoreo de la Privación de Libertad de Niñas Niños y Adolescentes
_bbuenas prácticas de la defensa pública
260 _aBuenos Aires
_bDefensoría General de Nación- Unicef Argentina
_c2012
300 _a177 P.
_c23 X 15 Cm.
650 _xcriminología
_xminoridad
_xmenores
_xConvención de derechos del niño
_xUNICEF
_xprivación de libertad
_xDefensoría General de Nación
945 _acd
_d2017-08-09
999 _c4563
_d235067
942 _6_